Guess the Lyrics #71 - Statistics

General Stats
  • This quiz has been taken 1,016 times
    998 since last reset
  • The average score is 197 of 418
Answer Stats
Lyrics % Correct
I
98%
a
95%
you
91%
the
89%
an
83%
When
79%
he
78%
me
78%
me,
78%
to
77%
To
77%
we
77%
and
74%
And
74%
do
73%
it
73%
It
73%
who
73%
on
72%
in
71%
where
70%
she
67%
so
64%
my
63%
for
62%
what
62%
that,
61%
that
61%
of
60%
then
60%
I'm
56%
they
56%
They
56%
you're
55%
if
54%
like
54%
like,
54%
want
54%
was
53%
wear
53%
don't
52%
know
51%
not
51%
Not
51%
one
51%
have
50%
all
49%
this
49%
could,
47%
we're
47%
but
45%
But
45%
ever
45%
it's
45%
It's
45%
now
44%
would
44%
by
43%
got
43%
him
43%
from
42%
just
42%
Just
42%
his
41%
them
40%
as
39%
feel
39%
never
39%
time
39%
up,
39%
mine,
38%
only
38%
take
38%
good
36%
get
34%
does
33%
out
33%
look
30%
right
29%
come
26%
way
26%
'Cause
25%
She's
25%
Two
25%
couldn't
24%
thought
24%
away
23%
more,
23%
Well,
23%
lie,
22%
nothing
21%
told
21%
feels
20%
run
19%
before
18%
intention
18%
meant
18%
top
18%
about
17%
free
17%
let's
17%
body
16%
there's
16%
Once
15%
God,
14%
long
14%
girls
13%
matter
13%
matter,
13%
people
13%
set
13%
smile
13%
true
13%
fire
12%
misery,
12%
other
12%
steal
12%
business
11%
change
11%
sorry,
11%
watch
11%
dreams
10%
easy
10%
hourglass,
10%
Misery Business - Paramore
10%
brag
9%
clock
9%
Hit
9%
hit
9%
Looking
9%
Second
9%
weeks
9%
biggest
8%
caught
8%
honey,
8%
mouth
8%
ticking
8%
finally
7%
months,
7%
waited
7%
whore,
7%
Woah,
7%
both
6%
chances,
6%
eight
6%
involving
6%
wildest
6%
million
5%
passed
5%
possible
5%
refuse,
5%
refuse
5%
snare
5%
that'll
5%
watched
5%
exchanged
4%
forgiveness,
4%
innocent
4%
supposed
4%
No matching quizzes found
Score Distribution
Percent of People with Each Score
Percentile by Number Answered
Your Score History
You have not taken this quiz since the last reset